| 000 | 01549cam a2200349 a 4500 | ||
|---|---|---|---|
| 001 | 16730363 | ||
| 005 | 20170105102912.0 | ||
| 008 | 110411s2011 caub b 001 0 eng | ||
| 010 | _a 2011013500 | ||
| 020 | _a9780313346972 (hbk. : acidfree paper) | ||
| 020 | _a9780313346989 (ebk.) | ||
| 035 | _a(OCoLC)ocn712983498 | ||
| 040 |
_aDLC _cDLC _dIG# _dYDXCP _dDLC |
||
| 043 | _aa-pk--- | ||
| 050 | 0 | 0 |
_aUA853.P3 _bH387 2011 |
| 082 | 0 | 0 |
_a355/.03305491 _222 |
| 100 | 1 | _aHasnat, Syed Farooq. | |
| 245 | 1 | 0 |
_aPakistan / _cSyed Farooq Hasnat. |
| 260 |
_aSanta Barbara, Calif. : _bPraeger, _cc2011. |
||
| 300 |
_aviii, 211 p. : _bmaps ; _c25 cm. |
||
| 490 | 1 | _aGlobal security watch | |
| 504 | _aIncludes bibliographical references (p. [197]-202) and index. | ||
| 505 | 0 | _aStrategic concerns of Pakistan : an overview -- Pakistan's strategic location -- Domestic security issues : challenges of building stable institutions -- Balochistan : tribes, issues and discontentment -- Pakistan under siege : extremism, militancy and emergence of terror outfits -- War for Waziristan -- A triangular of security concerns : Pakistan, U.S. and Afghanistan -- Chronology. | |
| 650 | 0 |
_aNational security _zPakistan. |
|
| 651 | 0 |
_aPakistan _xForeign relations. |
|
| 651 | 0 |
_aPakistan _xStrategic aspects. |
|
| 651 | 0 |
_aPakistan _xPolitics and government _y21st century. |
|
| 830 | 0 | _aGlobal security watch series. | |
| 906 |
_a7 _bcbc _corignew _d1 _eecip _f20 _gy-gencatlg |
||
| 942 |
_2ddc _cBK |
||
| 999 |
_c15174 _d15174 |
||